00262pam a2200109 a 4500020000500000041000500005082001700010100002100027245005100048260003700099300001600136 c h a741.674bPED aMartin Pedersen. aGraphics Poster Annual 2005hTextual Documents aNew York:bGeraphic In New York. a237:bHard.